ბათუმის შოთა რუსთაველის სახელმწიფო უნივერსიტეტის ბიბლიოთეკა

საკორპორაციო სამართლის ანატომია : (ბიბ.ჩანაწერი № 57176)

000 -ლიდერი
ფიქსირებული სიგრძის საკონტროლო ველი 01829nam a22002897a 4500
003 - საკონტროლო ნომრის იდენტიფიკატორი
საკონტროლო ველი Ge_BSU
005 - ბოლო ოპერაციის თარიღი და დრო
საკონტროლო ველი 20191220160614.0
008 - ფიქსირებული სიგრძის მონაცემთა ელემენტები - ზოგადი ინფორმაცია
ფიქსირებული სიგრძის საკონტროლო ველი 191220s2019 ge ||||| |||| 00| 0 geo d
020 ## - წიგნის საერთაშორისო სტანდარტული ნომერი
International Standard Book Number 9789941818882
041 ## - ენის კოდი
Language code of text/sound track or separate title geo
080 ## - უნივერსალური ათობითი კლასიფიკაციის ინდექსი
Universal Decimal Classification number 346.25(73)+340.5 ს -19
245 ## - ცნობა სათაურის შესახებ
Title საკორპორაციო სამართლის ანატომია :
Remainder of title შედარებითი და ფუნქციური მიდგომა /
Statement of responsibility, etc რაინერ კრაკმანი ; ჯონ არმორი ; პოლ დევისი და სხვ ; მთარგმნ : ანა ქოჩიშვილი ; დავით მაისურაძე ; ენობრივი რედ. თამარ გაბელაია.
250 ## - გამოცემის ცნობა
Edition statement მე-3 გამოცემა
264 ## - წარმოების, გამოცემის, დისტრიბუციის და სხვა ცნობები
გამოცემის, წარმოების, დისტრიბუციის... ადგილი თბილისი :
გამოცემის, წარმოების, დისტრიბუციის... სახელწოდება GIZ,
გამოცემის, წარმოების, დისტრიბუციის... თარიღი 2019.
300 ## - ფიზიკური აღწერა
Extent 457 გვ.:
Dimensions 22 სმ.
Other physical details ტერმინთა განმარტ.გვ.435-457
653 ## - INDEX TERM--UNCONTROLLED
Uncontrolled term სამართალი
653 ## - INDEX TERM--UNCONTROLLED
Uncontrolled term საკორპორაციო სამართალი
700 ## - ADDED ENTRY--PERSONAL NAME
Personal name კრაკმანი, რაინერ
9 (RLIN) 5877
700 ## - ADDED ENTRY--PERSONAL NAME
Personal name დევისი, პოლ
9 (RLIN) 5878
700 ## - ADDED ENTRY--PERSONAL NAME
Personal name არმორი, ჯონ
9 (RLIN) 5882
700 ## - ADDED ENTRY--PERSONAL NAME
Personal name ქოჩიშვილი, ანა
Relator term მთარგმნელი
9 (RLIN) 5879
700 ## - ADDED ENTRY--PERSONAL NAME
Personal name მაისურაძე, დავით
Relator term მთარგმნელი
9 (RLIN) 5582
700 ## - ADDED ENTRY--PERSONAL NAME
Personal name გაბელაია, თამარ
Relator term რედაქტორი
9 (RLIN) 5880
710 ## - ADDED ENTRY--CORPORATE NAME
Relator term ევროკავშირი საქართველოსათვის
9 (RLIN) 5881
856 ## - ELECTRONIC LOCATION AND ACCESS
Uniform Resource Identifier http://lawlibrary.info/ge/books/2019giz-ge_anatomy_of_corporate_law.pdf
Link text ელექტრონული ვერსია pdf
942 ## - ADDED ENTRY ELEMENTS (KOHA)
Source of classification or shelving scheme
Koha item type წიგნი
ეგზემპლარები
ჩამოწერის სტატუსი დაკარგული ეგზემპლარის სტატუსი კლასიფიკაციის წყარო ან თაროზე გაწყობის სქემა დაზიანების სტატუსი არ გაიცემა მუდმივი მდებარეობა (დაცვის ადგილი) ამჟამინდელი ადგილსამყოფელი თაროზე განთავსების ადგილი შეძენის თარიღი ღირებულება, შესყიდვის ნორმალური ფასი სრული შენახვის შიფრი შტრიხკოდი ბოლო ოპერაციის თარიღი ეგზემპლარის მიმდევრობითი ნომერი (კეტერი?) ფასის ძალაში შესვლის თარიღი ეგზემპლარის სახეობა საჯარო შენიშვნა
          ბათუმის შოთა რუსთაველის სახელმწიფო უნივერსიტეტის მთავარი ბიბლიოთეკა ბათუმის შოთა რუსთაველის სახელმწიფო უნივერსიტეტის მთავარი ბიბლიოთეკა წიგნსაცავი 2019-12-20 10.00 346.25(73)+340.5 ს -19 60304 2019-12-20 60304 2019-12-20 წიგნი 10.00
          ბათუმის შოთა რუსთაველის სახელმწიფო უნივერსიტეტის მთავარი ბიბლიოთეკა ბათუმის შოთა რუსთაველის სახელმწიფო უნივერსიტეტის მთავარი ბიბლიოთეკა წიგნსაცავი 2019-12-20 10.00 346.25(73)+340.5 ს -19 60305 2019-12-20 60305 2019-12-20 წიგნი 10.00
          ბათუმის შოთა რუსთაველის სახელმწიფო უნივერსიტეტის მთავარი ბიბლიოთეკა ბათუმის შოთა რუსთაველის სახელმწიფო უნივერსიტეტის მთავარი ბიბლიოთეკა წიგნსაცავი 2019-12-20 10.00 346.25(73)+340.5 ს -19 60306 2019-12-20 60306 2019-12-20 წიგნი 10.00
          ბათუმის შოთა რუსთაველის სახელმწიფო უნივერსიტეტის მთავარი ბიბლიოთეკა ბათუმის შოთა რუსთაველის სახელმწიფო უნივერსიტეტის მთავარი ბიბლიოთეკა წიგნსაცავი 2019-12-20 10.00 346.25(73)+340.5 ს -19 60307 2019-12-20 60307 2019-12-20 წიგნი 10.00